Statistics for Insane Demons by Letter - P

Click here to take the quiz!

General Stats

  • This quiz has been taken 5 times
  • The average score is 16 of 50

Answer Stats

HintAnswer% Correct
PolPoltergeist
75%
PaiPainStep
50%
PhoPhotovoltaic
50%
pixpixel thingie
50%
PixPixel Thingy
50%
PlaPlasma Pulse
50%
PlaPlasma Pulse II
50%
PoePoeyeng Aeng
50%
PogPogChamp Boss Fight
50%
PPPPPPPPPPPPPPPPPPPIXEL
50%
priprismatic
50%
PsyPsystrike
50%
PulPulse
50%
PyrPyromaniac
50%
PanPanzer
25%
ParParadox Theory
25%
paspassers by
25%
PenPentakill
25%
PerPeriodic Elements
25%
PerPersistence
25%
PEXPEX
25%
PGPG Clubstep Rebirth
25%
PhaPhases
25%
PhoPhosphore
25%
PhoPhotosynthesis
25%
PijPijatelo
25%
PlaPlanet Circles
25%
PluPlummet
25%
poipointzero
25%
PooPootis Engage
25%
PopPopsicle
25%
PowPower
25%
poWpoWer
25%
PRAPRAESTIGIA
25%
PrePredawn
25%
PriPrimal Redux
25%
PriPrimary Maze
25%
PRIPRISME
25%
PriPrison Skyn
25%
ProProject Inferno
25%
ProProject Reunion
25%
ProProlegomeno
25%
ProProtoplasm
25%
ProPrototype
25%
ProProxima
25%
pulpulsar
25%
PURPURGATORY
25%
PurPurple Kingdom
25%
PurPursuit
25%
PuzPuzzle Trials
25%

Score Distribution

Percentile by Number Answered

Percent of People with Each Score

Your Score History

You have not taken this quiz